000 00820nab a2200205 4500
001 31891
003 AR-RoBPED
005 20251211175007.0
008 250818d18981968ag |||p| ||||s00| 0 spa d
040 _aAR-RoBPED
041 _aspa
100 1 _aSolari, C.
_930067
245 1 0 _aJardín zoológico y botánico :
_banimados y plantas : los predilectos del niño /
_cC. Solari.
300 _apág. 435-437
362 _,Año XIII, No. 158 (julio de 1901)
500 _aArtículo en: Boletín de Educación. Santa Fe : Consejo General de Educación, 1886-198?. Año XIII, No. 158 (julio de 1901), páginas 435-437.
773 0 _022998
_930340
_aSanta Fe.
_dSanta Fe : Consejo General de Educación, [1886-198-?].
_tBoletín de Educación :
_w(AR-RoBPED)22998
942 _2udc
_aK. 31891
_cREV
945 _ann 18/08/2025
999 _c31891
_d31891